| 000 | nam a22 4500 | ||
|---|---|---|---|
| 999 |
_c29212 _d29212 |
||
| 008 | 171122b xxu||||| |||| 00| 0 eng d | ||
| 020 | _a9788182202841 | ||
| 050 | _aQC 981.8 .M35 2008 | ||
| 100 | _aMalhotra, Ravi | ||
| 245 |
_aGlobal warming / _cRavi Malhtra. |
||
| 260 |
_aNew Delhi : _bGlobal Vision Publishing House, _c2008. |
||
| 300 |
_a (various paging) ; _c22cm. _bIll. ; |
||
| 440 | _vVol 1 - 3 | ||
| 650 | _aClimate change. | ||
| 650 | _aGlobal warming. | ||
| 942 |
_2lcc _cBOOKS _hQC 981.8 .M35 2008 |
||